[Event "only 10 leisure players under 2000 second part"]
[Site "SchemingMind.com"]
[Date "2018.01.05"]
[Round "-"]
[White "Scooter"]
[Black "TheHornedReaper "]
[Result "1-0"]
[WhiteCountry "USA"]
[BlackCountry "ROU"]
[WhiteElo "1728"]
[WhiteRD "52"]
[BlackElo "1246"]
[BlackRD "49"]
[GameID "422898"]

1. d4 d5 2. Nf3 Nf6 3. Bf4 c5 4. e3 Nc6 5. Bb5 cxd4 6. Nxd4 Bd7 7. Bxc6 Bxc6 8. O-O e6 9. Nd2 Be7 10. c3 O-O
11. h3 Rc8 12. N2f3 Bd7 13. Ne5 Be8 14. Qb3 b6 15. Rfd1 Bc5 16. Nd3 Bxd4 17. cxd4 Ne4 18. f3
1-0

[Event "only 10 leisure players under 2000 second part"]
[Site "SchemingMind.com"]
[Date "2018.01.05"]
[Round "-"]
[White "TheHornedReaper "]
[Black "Scooter"]
[Result "0-1"]
[WhiteCountry "ROU"]
[BlackCountry "USA"]
[WhiteElo "1246"]
[WhiteRD "49"]
[BlackElo "1728"]
[BlackRD "52"]
[GameID "422899"]

1. e4 c6 2. d4 d5 3. e5 Bf5 4. Nf3 e6 5. Be2 Nd7 6. O-O c5 7. c3 cxd4 8. cxd4 Bb4 9. Nc3 Ne7 10. a3 Bxc3
11. bxc3 O-O 12. Bd3 Bxd3 13. Qxd3 Rc8 14. Bd2 Nb6 15. Rab1 Rc7 16. Rb4 Nc6 17. Rbb1 Nc4 18. Rfc1 Nxa3
0-1

[Event "only 10 leisure players under 2000 second part"]
[Site "SchemingMind.com"]
[Date "2018.12.08"]
[Round "-"]
[White "Scooter"]
[Black "Omahony"]
[Result "1/2-1/2"]
[WhiteCountry "USA"]
[BlackCountry "ENG"]
[WhiteElo "1676"]
[WhiteRD "84"]
[BlackElo "1830"]
[BlackRD "71"]
[GameID "435722"]

1. d4 d5 2. Nf3 c6 3. Bf4 Nf6 4. e3 Bf5 5. Bd3 e6 6. Bxf5 exf5 7. O-O Bd6 8. Bxd6 Qxd6 9. Nbd2 Nbd7 10. c4 Ne4
11. c5 Qf6 12. Qc2 O-O 13. b4 a6 14. a4 Rfe8 15. Qb3 b5 16. axb5 axb5 17. Qc2 g5 18. Qb2 g4 19. Nxe4 dxe4 20. Rxa8 Rxa8
21. Ne5 Nxe5 22. dxe5 Qe6 23. Ra1 Qc8 24. Rxa8 Qxa8 25. g3 Qa4 26. Qd4 Kf8 27. Qd6+ Kg7 28. Qxc6 Qd1+= 29. Kg2 Qf3+=
1/2-1/2

[Event "only 10 leisure players under 2000 second part"]
[Site "SchemingMind.com"]
[Date "2018.12.10"]
[Round "-"]
[White "Omahony"]
[Black "Scooter"]
[Result "1-0"]
[WhiteCountry "ENG"]
[BlackCountry "USA"]
[WhiteElo "1856"]
[WhiteRD "68"]
[BlackElo "1701"]
[BlackRD "86"]
[GameID "435723"]

1. d4 d5 2. e3 Nf6 3. Bd3 e6 4. Nd2 g6 5. f4 Bg7 6. Ngf3 O-O 7. O-O a6 8. a4 Nbd7 9. Ne5 Nxe5 10. fxe5 Nd7
11. Nf3 c5 12. c3 b6 13. Qe2 Bb7 14. Bd2 c4 15. Bc2 b5 16. axb5 axb5 17. e4 Qb6 18. Kh1 Rxa1 19. Rxa1 Ra8 20. Rxa8+ Bxa8
21. Qf1 dxe4 22. Ng5 Bh6 23. Qxf7+
1-0

[Event "only 10 leisure players under 2000 second part"]
[Site "SchemingMind.com"]
[Date "2019.01.12"]
[Round "-"]
[White "anne"]
[Black "Scooter"]
[Result "1-0"]
[WhiteCountry "GER"]
[BlackCountry "USA"]
[WhiteElo "2021"]
[WhiteRD "87"]
[BlackElo "1701"]
[BlackRD "86"]
[GameID "436949"]

1. e4 c6 2. Nc3 d5 3. Nf3 dxe4 4. Nxe4 Bg4 5. Bc4 Bxf3 6. Qxf3 Nf6 7. Qb3 e6 8. Nxf6+ gxf6 9. Qxb7 Qb6 10. Qxa8 Bd6
11. d3 O-O 12. Bh6 Rd8 13. Be3 Bc5 14. Bxc5 Qxc5 15. Qb7
1-0

[Event "only 10 leisure players under 2000 second part"]
[Site "SchemingMind.com"]
[Date "2019.01.12"]
[Round "-"]
[White "Scooter"]
[Black "anne"]
[Result "0-1"]
[WhiteCountry "USA"]
[BlackCountry "GER"]
[WhiteElo "1701"]
[WhiteRD "86"]
[BlackElo "2021"]
[BlackRD "87"]
[GameID "436950"]

1. d4 Nf6 2. Nf3 d5 3. c4 dxc4 4. Qa4+ Nc6 5. Qxc4 Be6 6. Qd3 Bg4 7. Bf4 Bxf3 8. exf3 Qxd4 9. Qxd4 Nxd4 10. Bd3 O-O-O
11. O-O Nxf3+ 12. gxf3 Rxd3
0-1

[Event "only 10 leisure players under 2000 second part"]
[Site "SchemingMind.com"]
[Date "2019.01.16"]
[Round "-"]
[White "anne"]
[Black "Omahony"]
[Result "1-0"]
[WhiteCountry "GER"]
[BlackCountry "ENG"]
[WhiteElo "2071"]
[WhiteRD "89"]
[BlackElo "1794"]
[BlackRD "70"]
[GameID "436951"]

1. e4 e6 2. d4 d5 3. e5 c5 4. dxc5 Bxc5 5. Bb5+ Nc6 6. Bxc6+ bxc6 7. Nc3 Ne7 8. Na4 Bb6 9. Qe2 O-O 10. Nf3 c5
11. O-O Bd7 12. Nxb6 axb6 13. Bg5 Re8 14. Nd2 Qc7 15. Bxe7 Rxe7 16. f4 c4 17. c3 Ree8 18. Nf3 Ra7 19. Nd4 Rea8 20. a3 b5
21. Rf3 Qb6 22. Raf1 Rf8 23. Rh3 g6 24. Qf2 f6 25. Qh4 Bc8 26. exf6 Raf7 27. g4 Qb8 28. Rf2 Bd7 29. Nf3 Qxf4 30. Ng5 Qc1+
31. Rf1 Qxf1+ 32. Kxf1 Rxf6+ 33. Ke2 Rf2+ 34. Qxf2
1-0

[Event "only 10 leisure players under 2000 second part"]
[Site "SchemingMind.com"]
[Date "2019.01.16"]
[Round "-"]
[White "Omahony"]
[Black "anne"]
[Result "1/2-1/2"]
[WhiteCountry "ENG"]
[BlackCountry "GER"]
[WhiteElo "1785"]
[WhiteRD "72"]
[BlackElo "2097"]
[BlackRD "87"]
[GameID "436952"]

1. d4 Nf6 2. e3 d5 3. Bd3 Bg4 4. f3 Bd7 5. f4 a6 6. Nf3 Bg4 7. O-O e6 8. Nbd2 c5 9. c3 Nc6 10. Qe1 g6
11. Ne5 Bf5 12. Qe2 Rc8 13. Ndf3 h5 14. Bd2 Ne4 15. Rad1 Nxe5 16. Nxe5 c4 17. Bb1 f6 18. Nf3 h4 19. Be1 h3 20. g3 Bg4
21. Qc2 Bg7 22. Rc1 b5 23. Nh4 g5 24. Nf3 O-O 25. Nd2 f5 26. Nf3 Bxf3 27. Rxf3 g4 28. Rf1 a5 29. a3 Rf7 30. Qe2 Rb8
31. Bc2 Ra7 32. Ra1 Rc7 33. Kh1 a4 34. Kg1= Rcc8 35. Kh1 Qf6 36. Kg1 Qe7 37. Kh1 Rf8 38. Kg1 Rf7 39. Kh1 Qf6 40. Kg1 Rc8
41. Kh1 Qg6 42. Kg1 Ra7 43. Kh1 Qf7=
1/2-1/2

[Event "only 10 leisure players under 2000 second part"]
[Site "SchemingMind.com"]
[Date "2019.01.15"]
[Round "-"]
[White "anne"]
[Black "echecs"]
[Result "1-0"]
[WhiteCountry "GER"]
[BlackCountry "ENG"]
[WhiteElo "2054"]
[WhiteRD "86"]
[BlackElo "1788"]
[BlackRD "62"]
[GameID "437078"]

1. e4 e5 2. Nf3 Nc6 3. Bb5 Nf6 4. Bxc6 dxc6 5. O-O Bg4 6. h3 Bh5 7. d3 Be7 8. g4 Bg6 9. Nxe5 O-O 10. f4 h6
11. Nxg6 fxg6 12. Be3 Nd7 13. Nd2 Bh4 14. Nf3 Be7 15. Kg2 Bd6 16. e5 Bc5 17. d4 Be7 18. Qd3 Qe8 19. d5 Nb8 20. Nd4 cxd5
21. Ne6 Qc6 22. Nxf8 Bxf8 23. Kh2 Na6 24. c3 Nc5 25. Bxc5 Bxc5 26. f5 gxf5 27. gxf5 Re8 28. Rae1 Kh8 29. f6 gxf6 30. Rxf6 Qxf6
31. exf6 Rxe1 32. Qg6 Bd6+ 33. Kg2
1-0

[Event "only 10 leisure players under 2000 second part"]
[Site "SchemingMind.com"]
[Date "2019.01.15"]
[Round "-"]
[White "echecs"]
[Black "anne"]
[Result "0-1"]
[WhiteCountry "ENG"]
[BlackCountry "GER"]
[WhiteElo "1831"]
[WhiteRD "61"]
[BlackElo "2021"]
[BlackRD "87"]
[GameID "437079"]

1. e4 e5 2. Nf3 Nc6 3. Bc4 Bc5 4. O-O Nf6 5. Nc3 O-O 6. Be2 d6 7. d3 h6 8. a3 Be6 9. Na4 Bb6 10. Nxb6 axb6
11. c3 d5 12. exd5 Qxd5 13. Qc2 Bf5 14. Rd1 Rfd8 15. Nh4 Bh7 16. Qd2 e4 17. dxe4 Qxe4
0-1

[Event "only 10 leisure players under 2000 second part"]
[Site "SchemingMind.com"]
[Date "2019.01.15"]
[Round "-"]
[White "echecs"]
[Black "Scooter"]
[Result "1-0"]
[WhiteCountry "ENG"]
[BlackCountry "USA"]
[WhiteElo "1831"]
[WhiteRD "61"]
[BlackElo "1701"]
[BlackRD "86"]
[GameID "437080"]

1. e4 c6 2. d4 d5 3. Nc3 dxe4 4. Nxe4 Bf5 5. Ng3 Bg6 6. h4 h6 7. h5 Bh7 8. Nf3 Nf6 9. Bd3 Bxd3 10. Qxd3 Nbd7
11. Bf4 e6 12. a3 Qb6 13. O-O-O Nd5 14. Bd2 Bd6 15. Ne4 Qc7 16. Nxd6+ Qxd6 17. Qb3 O-O-O 18. Ba5 N5b6 19. c4 Qf4+ 20. Kb1 Qf5+
21. Ka1 Qxa5 22. c5 Nd5 23. Nd2 Qb5 24. Qg3 Rhg8 25. Ne4 N7f6 26. Nd6+ Rxd6 27. Qxd6 Ne4 28. Qe5 Nxf2 29. Rdf1 Nxh1 30. Rxf7 Re8
31. Qxg7 Qb3 32. Rf8 Rxf8 33. Qxf8+ Kd7 34. Qd6+ Ke8 35. Qxe6+ Ne7 36. Qxb3
1-0

[Event "only 10 leisure players under 2000 second part"]
[Site "SchemingMind.com"]
[Date "2019.01.15"]
[Round "-"]
[White "Scooter"]
[Black "echecs"]
[Result "0-1"]
[WhiteCountry "USA"]
[BlackCountry "ENG"]
[WhiteElo "1701"]
[WhiteRD "86"]
[BlackElo "1831"]
[BlackRD "61"]
[GameID "437081"]

1. d4 d6 2. Nf3 c6 3. c4 Nf6 4. Nc3 a6 5. Bg5 b5 6. e3 Bg4 7. Bxf6 exf6 8. b3 Be7 9. Be2 O-O 10. O-O f5
11. h3 Bh5 12. Qc2 Bg6 13. Bd3 Qd7 14. cxb5 axb5 15. b4 h6 16. e4 fxe4 17. Bxe4 Bxe4 18. Qxe4 Na6 19. a3 Bf6 20. Qg4 Qxg4
21. hxg4 Rfe8 22. Rfe1 Rab8 23. Kf1 Red8 24. Ne4 Be7 25. g5 hxg5 26. Nexg5 Bxg5 27. Nxg5 c5 28. dxc5 dxc5 29. bxc5 Nxc5 30. Re7 f6
31. Ne6 Nxe6 32. Rxe6 Rd4 33. Ra6 Ra4 34. Rxa4 bxa4 35. Ke2 Rb3 36. f4 Kf7 37. g3 Rxg3 38. Kf2 Rb3
0-1

[Event "only 10 leisure players under 2000 second part"]
[Site "SchemingMind.com"]
[Date "2019.01.19"]
[Round "-"]
[White "echecs"]
[Black "Omahony"]
[Result "1-0"]
[WhiteCountry "ENG"]
[BlackCountry "ENG"]
[WhiteElo "1841"]
[WhiteRD "62"]
[BlackElo "1794"]
[BlackRD "70"]
[GameID "437082"]

1. e4 e6 2. d4 d5 3. e5 c5 4. c3 Nc6 5. Nf3 Nge7 6. Be2 cxd4 7. cxd4 Nf5 8. O-O Be7 9. b3 Bd7 10. Bb2 Rc8
11. Nc3 a6 12. Qd2 b5 13. Rad1 O-O 14. Qf4 Qb6 15. h3 g6 16. g4 Ng7 17. Kg2 Rc7 18. Rh1 Rfc8 19. h4 Nb4 20. h5 Rxc3
21. Bxc3 Nxa2 22. Ba1 Nc3 23. Bxc3 Rxc3 24. hxg6 fxg6 25. Qh6 Rxf3 26. Bxf3 a5 27. Qxh7+ Kf7 28. Be2 Be8 29. Rh6 Kf8 30. Qh8+ Kf7
31. Rd3 a4 32. Rf3+
1-0

[Event "only 10 leisure players under 2000 second part"]
[Site "SchemingMind.com"]
[Date "2019.01.19"]
[Round "-"]
[White "Omahony"]
[Black "echecs"]
[Result "1-0"]
[WhiteCountry "ENG"]
[BlackCountry "ENG"]
[WhiteElo "1794"]
[WhiteRD "70"]
[BlackElo "1841"]
[BlackRD "62"]
[GameID "437083"]

1. d4 d6 2. e3 c6 3. Bd3 a6 4. f4 e6 5. Nf3 Ne7 6. O-O g6 7. b3 Bg7 8. Bb2 O-O 9. c4 c5 10. Qc2 Nf5
11. Qe2 Nc6 12. Nbd2 cxd4 13. Bxf5 dxe3 14. Bxg7 Kxg7 15. Bc2 exd2 16. Qxd2 Ne7 17. Rad1 Qb6+ 18. Kh1 Rd8 19. Qc3+ Kg8 20. Rd2 Bd7
21. Rfd1 Be8 22. Qf6 Rac8 23. Qxe7 Rd7 24. Rxd6 Rxd6 25. Qxd6 Bc6 26. Qd4 Qa5 27. a4 Qh5 28. Be4 Qa5 29. Bxc6 Rxc6 30. Qf6 Rc8
31. Ng5 Qc7 32. h4 h6 33. Ne4 Rf8 34. h5 b6 35. hxg6 fxg6 36. Qxg6+ Qg7 37. Qxe6+ Kh8 38. Rd7
1-0

[Event "only 10 leisure players under 2000 second part"]
[Site "SchemingMind.com"]
[Date "2019.01.18"]
[Round "-"]
[White "anne"]
[Black "kenneth m day"]
[Result "1-0"]
[WhiteCountry "GER"]
[BlackCountry "USA"]
[WhiteElo "2054"]
[WhiteRD "86"]
[BlackElo "1748"]
[BlackRD "54"]
[GameID "437194"]

1. e4 e5 2. Nf3 Nc6 3. Bb5 Nf6 4. d3 d6 5. Bxc6+ bxc6 6. Bg5 Be7 7. Bxf6 Bxf6 8. Nc3 O-O 9. O-O d5 10. h3 Bd7
11. exd5 cxd5 12. Nxd5 Bc6 13. Nxf6+ Qxf6 14. b3 Rfe8 15. Nd2 Qg6 16. Qg4 Qxg4 17. hxg4 Re6 18. Nc4 Rae8 19. f3 f6 20. Kf2 g6
21. Rh1 R8e7 22. a4 f5 23. gxf5 gxf5 24. Rae1 e4 25. dxe4 fxe4 26. f4 Kg7 27. Ne5 Bb7 28. Ke3 a6 29. Rd1 h6 30. Rd8 c6
31. Rh3 Re8 32. Rg3+ Kf8 33. Rd7 R6e7 34. Ng6+ Kf7 35. Nxe7 Rxe7 36. Rg7+
1-0

[Event "only 10 leisure players under 2000 second part"]
[Site "SchemingMind.com"]
[Date "2019.01.17"]
[Round "-"]
[White "kenneth m day"]
[Black "anne"]
[Result "0-1"]
[WhiteCountry "USA"]
[BlackCountry "GER"]
[WhiteElo "1748"]
[WhiteRD "54"]
[BlackElo "2054"]
[BlackRD "86"]
[GameID "437195"]

1. e4 e5 2. f4 exf4 3. Nf3 g5 4. h4 g4 5. Ne5 Qe7 6. d4 d6 7. Nxg4 Qxe4+ 8. Qe2 Qxe2+ 9. Bxe2 h5 10. Nf2 Bf5
11. Nd3 Nc6 12. Bxf4 Nxd4 13. Kd2 Nxe2 14. Kxe2 Ne7 15. Nc3 Rg8 16. g3 Kd7 17. Rhg1 Bg7 18. Bd2 Rae8 19. Rae1 Be6 20. a3 Nf5
21. Kd1 Bd4 22. Rg2 Nxh4 23. gxh4 Rxg2 24. Nf4 Bg4+ 25. Nce2 Rh2 26. c3 Bf2 27. Rf1 Bxh4 28. Be1 Rexe2 29. Bxh4 Rxb2+
0-1

[Event "only 10 leisure players under 2000 second part"]
[Site "SchemingMind.com"]
[Date "2019.01.19"]
[Round "-"]
[White "echecs"]
[Black "kenneth m day"]
[Result "1-0"]
[WhiteCountry "ENG"]
[BlackCountry "USA"]
[WhiteElo "1788"]
[WhiteRD "62"]
[BlackElo "1748"]
[BlackRD "54"]
[GameID "437196"]

1. e4 e5 2. Nf3 Nc6 3. Bc4 Bc5 4. O-O Nf6 5. Nc3 O-O 6. Be2 a6 7. d3 Re8 8. Bg5 h6 9. Bh4 Be7 10. Bg3 d6
11. a3 Be6 12. h3 Qd7 13. Nh4 Nd4 14. f4 exf4 15. Rxf4 c5 16. Rf1 Bxh3 17. Nd5 Nxd5 18. exd5 Nxe2+ 19. Qxe2 Bg4 20. Qf2 Bh5
21. Rae1 Bf6 22. c3 Qg4 23. Nf5 Be5 24. Bxe5 Rxe5 25. Nxd6 Rxe1 26. Rxe1 Qd7 27. Qxc5 Rd8 28. Ne4 Qxd5 29. Qxd5 Rxd5 30. d4 Bg6
31. Nc5 f5 32. b4 a5 33. Nxb7 axb4 34. axb4 Bf7 35. Nc5 g6 36. Re7 Kf8 37. Ra7 Rd8 38. Rc7 Re8 39. Nd7+ Kg7 40. Ne5
1-0

[Event "only 10 leisure players under 2000 second part"]
[Site "SchemingMind.com"]
[Date "2019.01.18"]
[Round "-"]
[White "kenneth m day"]
[Black "echecs"]
[Result "0-1"]
[WhiteCountry "USA"]
[BlackCountry "ENG"]
[WhiteElo "1760"]
[WhiteRD "54"]
[BlackElo "1841"]
[BlackRD "62"]
[GameID "437197"]

1. e4 e5 2. Nf3 Nc6 3. c3 d6 4. Bc4 Be7 5. d4 exd4 6. cxd4 Nf6 7. Nc3 O-O 8. O-O Na5 9. Bd3 b6 10. Re1 Bg4
11. h3 Bh5 12. Bg5 c5 13. dxc5 dxc5 14. Qe2 Nc6 15. Be3 Bxf3 16. gxf3 Ne5 17. Bc2 Qc8 18. Kg2 Ng6 19. Rad1 Nh5 20. Nd5 Bd6
21. f4 Nhxf4+ 22. Nxf4 Bxf4 23. Qg4 Bxe3 24. Qxc8 Raxc8 25. Rxe3 Nf4+ 26. Kg3 Ne6 27. f4 Nd4 28. Bd3 Rcd8 29. Ree1 Rfe8 30. e5 Re7
31. Re4 g6 32. Ree1 Red7 33. Kf2 Nf5 34. Bc2 Rxd1 35. Rxd1 Rxd1 36. Bxd1 Kf8 37. Kf3 h6 38. b3 Ke7 39. Ke4 Ke6 40. Bc2 Ne7
41. Bd3 f5+ 42. Kf3 Nc6 43. Bc4+ Ke7 44. Ke3 Nd4 45. Bd5 g5 46. fxg5 hxg5 47. Kd3 a6 48. Ke3 b5 49. Kd3 g4 50. hxg4 fxg4
51. Kd2 Nf3+ 52. Bxf3 gxf3 53. Ke3 Ke6 54. Kxf3 Kxe5 55. Ke3 Kd5 56. Kd3 Ke5 57. a3 a5 58. Kc3 Kd5 59. Kd3 Ke5 60. Kc3 Ke4
61. b4 axb4+ 62. axb4 c4 63. Kd2 Kd4 64. Kc2 c3 65. Kc1 Kc4 66. Kc2 Kxb4 67. Kb1 Ka3 68. Ka1 b4 69. Kb1 b3 70. Ka1 b2+
71. Kb1 c2+
0-1

[Event "only 10 leisure players under 2000 second part"]
[Site "SchemingMind.com"]
[Date "2019.01.17"]
[Round "-"]
[White "Scooter"]
[Black "kenneth m day"]
[Result "1-0"]
[WhiteCountry "USA"]
[BlackCountry "USA"]
[WhiteElo "1701"]
[WhiteRD "86"]
[BlackElo "1700"]
[BlackRD "56"]
[GameID "437198"]

1. d4 Nf6 2. Nf3 g6 3. c4 d6 4. Bg5 Bg7 5. Nc3 O-O 6. e3 Bg4 7. Be2 Nbd7 8. O-O h6 9. Bxf6 Nxf6 10. Qc2 c6
11. h3 Bd7 12. Rab1 e6 13. b4 Rc8 14. c5 dxc5 15. bxc5 Re8 16. Rxb7 Rc7 17. Rxc7 Qxc7 18. Ne4 Nxe4 19. Qxe4 f5 20. Qc2 e5
21. dxe5 Bxe5 22. Nxe5 Rxe5 23. Bc4+ Kh7 24. Qb3 Bc8 25. Rd1 Qe7 26. Qb8 Be6 27. Qxe5
1-0

[Event "only 10 leisure players under 2000 second part"]
[Site "SchemingMind.com"]
[Date "2019.01.17"]
[Round "-"]
[White "kenneth m day"]
[Black "Scooter"]
[Result "1/2-1/2"]
[WhiteCountry "USA"]
[BlackCountry "USA"]
[WhiteElo "1748"]
[WhiteRD "54"]
[BlackElo "1676"]
[BlackRD "84"]
[GameID "437199"]

1. e4 c6 2. c4 d5 3. cxd5 cxd5 4. exd5 Qxd5 5. d4 Nf6 6. Nc3 Qd8 7. Bc4 Bg4 8. Nf3 e6 9. Be3 Bb4 10. O-O O-O
11. Rc1 a6 12. Qe2 b5 13. Bb3 Bxc3 14. Rxc3 Nbd7 15. Rfc1 Nb6 16. h3 Bxf3 17. Qxf3 Nbd5 18. Rc6 Nxe3 19. fxe3 Nd5 20. R6c5 Nb4
21. Qe4 Nd5 22. Bc2 Nf6 23. Qh4 g6 24. Bd3 Nd5 25. Qh6 Qe7 26. e4 Nb6 27. b3 Rfc8 28. Rxc8+ Rxc8 29. Rxc8+ Nxc8 30. Qc1 Qd7
31. Qc5 Ne7 32. Kf2=
1/2-1/2

[Event "only 10 leisure players under 2000 second part"]
[Site "SchemingMind.com"]
[Date "2019.01.19"]
[Round "-"]
[White "kenneth m day"]
[Black "Omahony"]
[Result "1-0"]
[WhiteCountry "USA"]
[BlackCountry "ENG"]
[WhiteElo "1748"]
[WhiteRD "54"]
[BlackElo "1830"]
[BlackRD "71"]
[GameID "437200"]

1. e4 e6 2. d4 d5 3. Nd2 dxe4 4. Nxe4 Nd7 5. Nf3 Be7 6. Bd3 Ngf6 7. O-O O-O 8. c3 b6 9. Re1 Bb7 10. Bd2 c5
11. Qe2 Rc8 12. Rad1 Nd5 13. Ne5 N7f6 14. Nxf6+ Nxf6 15. f3 cxd4 16. cxd4 Qxd4+ 17. Kh1 Qxb2 18. Bc1 Qxa2 19. Qxa2
1-0

[Event "only 10 leisure players under 2000 second part"]
[Site "SchemingMind.com"]
[Date "2019.01.19"]
[Round "-"]
[White "Omahony"]
[Black "kenneth m day"]
[Result "1-0"]
[WhiteCountry "ENG"]
[BlackCountry "USA"]
[WhiteElo "1785"]
[WhiteRD "72"]
[BlackElo "1730"]
[BlackRD "54"]
[GameID "437201"]

1. d4 Nf6 2. Bf4 d6 3. e3 g6 4. Be2 Bg7 5. c3 O-O 6. h3 Bf5 7. Nd2 Re8 8. Ngf3 Nbd7 9. O-O e5 10. Bg5 h6
11. Bh4 g5 12. Bg3 exd4 13. exd4 Ne4 14. Nxe4 Bxe4 15. Bd3 Nf6 16. Re1 Bc6 17. Rxe8+ Qxe8 18. Qe2 Qxe2 19. Bxe2 Ne4 20. Bh2 Re8
21. Re1 f5 22. Bd3 Kf8 23. Kf1 Nf6 24. Bxf5 Bb5+ 25. Kg1 Rxe1+ 26. Nxe1 Bd7 27. Bd3 Bc6 28. f3 Nd5 29. Kf2 Bf6 30. Bc2 Nb6
31. b3 Nd5 32. c4 Bxd4+ 33. Kf1 Ne3+ 34. Ke2 Nf5 35. Bxf5 Kf7 36. Nd3 Kf6 37. Bg4 Ke7 38. Nf2 Bc5 39. Bg3 Kf6 40. Kd3 Be8
41. Ne4+ Ke7 42. Nxc5 dxc5 43. Bxc7 Bc6 44. a3
1-0

[Event "only 10 leisure players under 2000 second part"]
[Site "SchemingMind.com"]
[Date "2019.03.12"]
[Round "-"]
[White "capablanca"]
[Black "anne"]
[Result "0-1"]
[WhiteCountry "GER"]
[BlackCountry "GER"]
[WhiteElo "1724"]
[WhiteRD "62"]
[BlackElo "2054"]
[BlackRD "86"]
[GameID "439287"]

1. d4 Nf6 2. c4 e6 3. Nc3 Bb4 4. Bg5 c5 5. a3 Bxc3+ 6. bxc3 Qa5 7. Bd2 O-O 8. e3 Qc7 9. Bd3 b6 10. Nf3 Ba6
11. Qc2 d5 12. cxd5 Bxd3 13. Qxd3 exd5 14. Ne5 Nc6 15. Nxc6 Qxc6 16. O-O Ne4 17. Bc1 Qa4 18. dxc5 Nxc5 19. Qxd5 Rfd8 20. Qf3 Qc2
21. e4 Nb3
0-1

[Event "only 10 leisure players under 2000 second part"]
[Site "SchemingMind.com"]
[Date "2019.03.12"]
[Round "-"]
[White "anne"]
[Black "capablanca"]
[Result "1-0"]
[WhiteCountry "GER"]
[BlackCountry "GER"]
[WhiteElo "2054"]
[WhiteRD "86"]
[BlackElo "1724"]
[BlackRD "62"]
[GameID "439288"]

1. e4 c5 2. Nf3 d6 3. d4 cxd4 4. Nxd4 e5 5. Bb5+ Bd7 6. Bxd7+ Nxd7 7. Nf5 Nc5 8. Nc3 Nf6 9. Bg5 Be7 10. Nxg7+ Kf8
11. Nf5 Qb6 12. Nxe7 Kxe7 13. Nd5+
1-0

[Event "only 10 leisure players under 2000 second part"]
[Site "SchemingMind.com"]
[Date "2019.03.13"]
[Round "-"]
[White "capablanca"]
[Black "echecs"]
[Result "0-1"]
[WhiteCountry "GER"]
[BlackCountry "ENG"]
[WhiteElo "1724"]
[WhiteRD "62"]
[BlackElo "1788"]
[BlackRD "62"]
[GameID "439289"]

1. d4 d5 2. c4 c6 3. Nc3 Nf6 4. Nf3 e6 5. Bg5 Be7 6. e3 O-O 7. Bd3 h6 8. Bh4 Nbd7 9. c5 b6 10. cxb6 axb6
11. O-O c5 12. dxc5 bxc5 13. b3 Qa5 14. Qc2 Ba6 15. Bxa6 Rxa6 16. h3 Rfa8 17. Rfd1 Qb4 18. a3 Rxa3 19. Rxa3 Rxa3 20. Nd2 Qxh4
21. Nb5 Ra8 22. Nf3 Qb4 23. Nc3 Rb8 24. Rb1 Ne8
0-1

[Event "only 10 leisure players under 2000 second part"]
[Site "SchemingMind.com"]
[Date "2019.03.13"]
[Round "-"]
[White "echecs"]
[Black "capablanca"]
[Result "1-0"]
[WhiteCountry "ENG"]
[BlackCountry "GER"]
[WhiteElo "1788"]
[WhiteRD "62"]
[BlackElo "1724"]
[BlackRD "62"]
[GameID "439290"]

1. e4 c5 2. Nf3 d6 3. c3 g6 4. d4 Bg7 5. Be2 cxd4 6. cxd4 Nf6 7. Nc3 O-O 8. O-O b6 9. e5 dxe5 10. Nxe5 Bb7
11. Bf3 Bxf3 12. Qxf3 Nbd7 13. Nc6 Qe8 14. Nb5 Rc8 15. Nbxa7 Rc7 16. Nb5 Rc8 17. Bf4 e5 18. Nd6 Qe6 19. Nxc8 Rxc8 20. Nxe5 Nxe5
21. Bxe5 Nd5 22. Rfe1 Qd7 23. Rac1
1-0

[Event "only 10 leisure players under 2000 second part"]
[Site "SchemingMind.com"]
[Date "2019.03.13"]
[Round "-"]
[White "capablanca"]
[Black "Scooter"]
[Result "1-0"]
[WhiteCountry "GER"]
[BlackCountry "USA"]
[WhiteElo "1724"]
[WhiteRD "62"]
[BlackElo "1676"]
[BlackRD "84"]
[GameID "439291"]

1. d4 d5 2. c4 c6 3. Nc3 Nf6 4. Bg5 e6 5. e3 Be7 6. Nf3 Nbd7 7. Bd3 O-O 8. O-O h6 9. Bh4 dxc4 10. Bxc4 Nd5
11. Bxe7 Qxe7 12. Nxd5 cxd5 13. Bd3 a6 14. Rc1 b5 15. Rc7 Qd8 16. Qc2 Nb6 17. b3 Nc4 18. Rxc8 Rxc8 19. bxc4 bxc4 20. Be2 Rb8
21. Ne5 Rb6 22. Rb1 Qc7 23. Rxb6
1-0

[Event "only 10 leisure players under 2000 second part"]
[Site "SchemingMind.com"]
[Date "2019.03.13"]
[Round "-"]
[White "Scooter"]
[Black "capablanca"]
[Result "0-1"]
[WhiteCountry "USA"]
[BlackCountry "GER"]
[WhiteElo "1676"]
[WhiteRD "84"]
[BlackElo "1724"]
[BlackRD "62"]
[GameID "439292"]

1. d4 Nf6 2. Nf3 d5 3. Bf4 c5 4. e3 Bg4 5. Bxb8 Rxb8 6. Be2 e6 7. Nbd2 cxd4 8. Nxd4 Bxe2 9. Qxe2 Be7 10. O-O O-O
11. c4 dxc4 12. Nxc4 Rc8 13. Rac1 Qd5 14. Qf3 Rxc4 15. Qxd5 exd5 16. Nf5 Bb4 17. a3 Ba5 18. Nd6 Rxc1 19. Rxc1 h6 20. Nxb7 Bb6
21. Nd6 Ne4 22. Nb5 Rd8 23. Nc3 Nxc3 24. Rxc3 d4 25. Rd3 dxe3
0-1

[Event "only 10 leisure players under 2000 second part"]
[Site "SchemingMind.com"]
[Date "2019.03.12"]
[Round "-"]
[White "capablanca"]
[Black "kenneth m day"]
[Result "1-0"]
[WhiteCountry "GER"]
[BlackCountry "USA"]
[WhiteElo "1685"]
[WhiteRD "60"]
[BlackElo "1760"]
[BlackRD "54"]
[GameID "439293"]

1. d4 Nf6 2. c4 e6 3. Nc3 Bb4 4. Bg5 O-O 5. Nf3 c5 6. e3 b5 7. a3 Bxc3+ 8. bxc3 bxc4 9. Bxc4 Nc6 10. O-O Bb7
11. e4 Ne7 12. Bxf6 gxf6 13. d5 exd5 14. Bxd5 Nxd5 15. exd5 Kh8 16. c4 Rg8 17. Nh4 Qe7 18. Re1 Qd6 19. Qf3 Rg5 20. Re4 Rag8
21. Rae1 Re5 22. Rxe5 fxe5 23. Qxf7 Rf8 24. Qh5 Qf6 25. Qxe5 Kg8 26. Qxf6 Rxf6 27. Nf3 Kg7 28. Re7+ Rf7 29. Rxf7+ Kxf7 30. Nd2 Kf6
31. f4 Kf5 32. g3 Ba6 33. h3 h5 34. Kg2 d6 35. Kf3 Bc8 36. g4+ hxg4+ 37. hxg4+ Kf6 38. Ne4+ Ke7 39. f5 Ba6 40. Nd2 Kf6
41. Kf4 Bc8 42. g5+ Kf7 43. g6+ Kg7 44. Kg5 Bd7 45. Ne4 Be8 46. Nxd6 Bd7 47. Ne4
1-0

[Event "only 10 leisure players under 2000 second part"]
[Site "SchemingMind.com"]
[Date "2019.03.12"]
[Round "-"]
[White "kenneth m day"]
[Black "capablanca"]
[Result "1-0"]
[WhiteCountry "USA"]
[BlackCountry "GER"]
[WhiteElo "1760"]
[WhiteRD "54"]
[BlackElo "1685"]
[BlackRD "60"]
[GameID "439294"]

1. e4 c5 2. d4 cxd4 3. c3 dxc3 4. Nxc3 g6 5. Nf3 Bg7 6. h4 d6 7. h5 Bg4 8. hxg6 fxg6 9. Be3 Nf6 10. Bc4 Nbd7
11. Qb3 e6 12. Ng5 Nc5 13. Bxc5 dxc5 14. f3 Bh5 15. Bxe6 Qb6 16. g4 Qxb3 17. Bxb3 Ke7 18. O-O-O Bh6 19. gxh5 Bxg5+ 20. Kb1 Rad8
21. hxg6 h6 22. Rhf1 Nh5 23. Nd5+ Ke8 24. Nc7+ Ke7 25. Bf7 Ng7 26. Nd5+ Kd6 27. f4 Bh4 28. Rf3 Kc6 29. Rfd3 b6 30. f5 Kb7
31. f6
1-0